HERBAL MEDICINE AND AGING: POTENTIAL OF NATURAL TREATMENT FOR AGE- RELATED DISEASES (Record no. 29193)
[ view plain ]
| 000 -LEADER | |
|---|---|
| fixed length control field | 00486nam a22001577a 4500 |
| 003 - CONTROL NUMBER IDENTIFIER | |
| control field | SGT |
| 020 ## - INTERNATIONAL STANDARD BOOK NUMBER | |
| International Standard Book Number | 9781639278626 |
| 082 ## - DEWEY DECIMAL CLASSIFICATION NUMBER | |
| Classification number | 615.32 |
| Item number | H22S |
| 100 ## - MAIN ENTRY--PERSONAL NAME | |
| Personal name | SHARP, EVELYN |
| 245 ## - TITLE STATEMENT | |
| Title | HERBAL MEDICINE AND AGING: POTENTIAL OF NATURAL TREATMENT FOR AGE- RELATED DISEASES |
| 260 ## - PUBLICATION, DISTRIBUTION, ETC. (IMPRINT) | |
| Place of publication, distribution, etc | USA, |
| Name of publisher, distributor, etc | AMERICAN MEDICAL PUB. |
| Year of Publication | 2022 |
| 300 ## - PAGE DESCRIPTION | |
| No. of Pages | 235 |
| 650 ## - SUBJECT ADDED ENTRY--TOPICAL TERM | |
| Topical term or geographic name as entry element | HERBAL MEDICINE |
| 653 ## - KEYWORDS--INDEX TERM | |
| Keyword term | HERBAL ,MEDICINE , AGING, POTENTIAL , NATURAL ,TREATMENT , AGE, RELATED, DISEASES |
| 942 ## - ADDED ENTRY ELEMENTS (KOHA) | |
| Source of classification or shelving scheme | Dewey Decimal Classification |
| Koha item type | Books |
| Withdrawn status | Lost status | Source of classification or shelving scheme | Damaged status | Use restrictions | Not for loan | Collection code | Home library | Current library | Shelving location | Date acquired | Vendor Name | SGTU | Bill Number | Total Checkouts | Full call number | Accession No. (Barcode) | Date last seen | Bill Date | Koha item type |
|---|---|---|---|---|---|---|---|---|---|---|---|---|---|---|---|---|---|---|---|
| Dewey Decimal Classification | Restricted Access | AYURVEDA | SGT FA-FP Library | SGT FA-FP Library | Reference Book | 21/01/2025 | AHUJA PUB. | SGTU | 19920 | 615.32 H22S | FA12644 | 21/01/2025 | 21/11/2024 | Books | |||||
| Dewey Decimal Classification | Restricted Access | AYURVEDA | SGT FA-FP Library | SGT FA-FP Library | Reference Book | 21/01/2025 | AHUJA PUB. | SGTU | 19920 | 615.32 H22S | FA12645 | 21/01/2025 | 21/11/2024 | Books |